000 00769cab a2200241 4500
001 ABS51900
008 090401t1994 xxu||||| |||| 00| 0 eng d
035 _a(Sirsi) u49537
041 _aeng
100 _aMcClaughlin, J.
245 _aAggregates: potholes on the road
260 _c1994
350 _a0
490 _aBuilding Market Report
_vDecember 1994, 4-5(2)
520 _aExamines the implications of the 5% rise in aggregates sales in 1994, an indicator of rising construction workload, and predicts a possible growth in demand.
650 _aAGGREGATE SALES
650 _aCONSTRUCTION MARKET
650 _aINFRASTRUCTURE MARKET
650 _aROADBUILDING
690 _aBUILT ENVIRONMENT-BUILDING MATERIALS
942 _n0
948 _c04/03/1997
999 _c31005
_d31005